000 00532nam a2200169Ia 4500
003 LK-CoDNM
008 140723t2019 xxu||||| |||| 00| 1 sin d
020 _a
_a9789553098573
040 _aLK-CoDNM
_dLK-CoDNM
_eLK-CoDNM
041 _asin
080 _a294.3
_bDIS
100 _aදිසානායක, නිලන්ත
_vDissanayaka,Nilantha
245 _aලාංකේය බුදුදහමේ පුදපූජා
246 _aLankeya Bududahame Pudapooja
260 _bS.Godage Publisher
_aColombo
_c2019
942 _cBK
999 _c80273
_d80273